=LDR 00000nam 2200000 4500 =001 NUTBA000000000002335 =005 20140612112426.0 =006 =007 =008 =020 ##$$a 978-979-29-1319-4 =035 ##$$0010-061400000000278 =040 ##$$a NBPDMAT =082 ##$$a 639.31 =090 ##$$a 639.31 $b Ghu b =100 ##$$a M.Ghufran H.Kordi K =245 ##$$a Budidaya ikan nila di kolam terpal / $c M.Ghufran H.Kordi K =250 ##$$a Ed.1 =260 ##$$a Yogyakarta : $b Andi, $c 2010 =300 ##$$a xvi, 112 hlm. ; $c 21 cm. =650 ##$$a Ikan Nila =850 ##$$a NBPDMAT =990 ##$$a 21402867 =990 ##$$a 0001/BPAP-NTB/2015